000 00772 a2200205 4500
003 Nust
005 20170207165241.0
010 _a 2009929885
020 _a1435498836
040 _cNust
082 _a005.8
100 1 _aPhilips, Amelia.
245 1 0 _aGuide to computer forensics and investigations (EBook)
_cAmelia Philips, Bill Nelson, Chris Steuart.
250 _a4th Ed.
260 _aBoston, MA :
_bCengage Learning,
_c2009.
300 _ap. cm.
856 4 2 _3Contributor biographical information
_uhttp://www.loc.gov/catdir/enhancements/fy1303/2009929885-b.html
856 4 2 _3Publisher description
_uhttp://www.loc.gov/catdir/enhancements/fy1303/2009929885-d.html
856 4 2 _3Table of contents only
_uhttp://www.loc.gov/catdir/enhancements/fy1303/2009929885-t.html
942 _2ddc
_cBK
999 _c211242
_d211242